| Tag |
First Indicator |
Second Indicator |
Subfields |
| LEADER |
00000cam a2200000 4500 |
| 001 |
in00000008276 |
| 005 |
20151002080033.0 |
| 008 |
751205s1812 enka 00010 eng |
| 010 |
|
|
|a 04011650
|
| 035 |
|
|
|a (OCoLC)01876690
|
| 035 |
|
|
|9 AAA0654AM
|
| 040 |
|
|
|a DLC
|c FQG
|d OCL
|d m/c
|d TXA
|d UtOrBLW
|
| 049 |
|
|
|a TXAS
|v 1 [A08600241]
|v 2 [A08600259]
|v 3 [A08600267]
|
| 050 |
|
4 |
|a TA7
|b .S63 1812
|
| 100 |
1 |
|
|a Smeaton, John,
|d 1724-1792.
|
| 245 |
1 |
0 |
|a Reports of the late John Smeaton, F.R.S. :
|b made on various occasions, in the course of his employment as a civil engineer...
|
| 264 |
|
3 |
|a London :
|b Printed for Longman, Hurst, Rees, Orme, and Brown,
|c 1812.
|
| 300 |
|
|
|a 3 volumes :
|b illustrations ;
|c 21 cm.
|
| 336 |
|
|
|a text
|b txt
|2 rdacontent
|
| 337 |
|
|
|a unmediated
|b n
|2 rdamedia
|
| 338 |
|
|
|a volume
|b nc
|2 rdacarrier
|
| 500 |
|
|
|a The miscellancous papers of John Smeaton... Comprising his communications to the Royal society, printed in the philosophical transactions, forming a fourth volume to his Reports... London, Printed for Longman, Hurst, Rees, Orme, and Brown, 1814. viii, 203 page 14 pl. 34 cm.
|
| 650 |
|
0 |
|a Civil engineering.
|
| 999 |
|
|
|a MARS
|
| 999 |
f |
f |
|s aa816aab-7c33-3c62-88fd-1d2a18ec89f9
|i 3d8ac54b-a60d-37a4-b67f-62a445679670
|t 0
|
| 952 |
f |
f |
|p noncirc
|a Texas A&M University
|b College Station
|c Cushing Memorial Library & Archives
|d Cushing: Rare Books (Does not check out)
|t 0
|e TA7 .S63 1812
|h Library of Congress classification
|i unmediated -- volume
|k v.1
|m A14808600241
|
| 952 |
f |
f |
|p noncirc
|a Texas A&M University
|b College Station
|c Cushing Memorial Library & Archives
|d Cushing: Rare Books (Does not check out)
|t 0
|e TA7 .S63 1812
|h Library of Congress classification
|i unmediated -- volume
|k v.3
|m A14808600267
|
| 952 |
f |
f |
|p noncirc
|a Texas A&M University
|b College Station
|c Cushing Memorial Library & Archives
|d Cushing: Rare Books (Does not check out)
|t 0
|e TA7 .S63 1812
|h Library of Congress classification
|i unmediated -- volume
|k v.2
|m A14808600259
|
| 998 |
f |
f |
|a TA7 .S63 1812
|s v.1-v.3
|t 0
|l Cushing: Rare Books (Does not check out)
|